000 00616nam a2200241 a 4500
001 nice12345678
003 IN_TiNIC
005 20260116012250.0
008 050524s1985 cama grp 000 0 eng
020 _a0521129
_c500.5
082 0 0 _a181.07
_bHOU
100 _aHourani, George
245 _aReason and Tradition in Islamic Ethics
260 _aCambridge
_bCambridge University Press
_c1985
300 _a282p
500 _aincludes index and biblioraphy
505 2 _aIndex
650 _aPhilosophy-Islamic
700 1 _aHourani, George
902 _bSRS
942 _cBK
999 _c6302
_d6302